| Record ID | ia:fideliooperaindu00beet |
| Source | Internet Archive |
| Download MARC XML | https://archive.org/download/fideliooperaindu00beet/fideliooperaindu00beet_marc.xml |
| Download MARC binary | https://www.archive.org/download/fideliooperaindu00beet/fideliooperaindu00beet_meta.mrc |
LEADER: 01042ccm 2200289 a 4500
003 OCoLC
005 20131113095700.0
008 940520s1815 gw opze n b d
019 $aocm30467617
028 23 $a1171$bN. Simrock
028 23 $a1182$bN. Simrock
039 $aHUMWHI
040 $aMDY$beng$cMDY$dOCLCG$dOCLCQ$dOCLCO$dOCLCA$dCaOLU
090 $aM177$b.A1
099 $aMZ1928
100 1 $aBeethoven, Ludwig van,$d1770-1827.
240 10 $aFidelio$n(1814);$oarranged.
245 10 $aFidelio :$bopera in due atti : ridotta in quintetti per due violini, due viole e violoncello /$ccomposta dal Sigr. Luigi van Beethoven.
264 1 $aBonna ;$aColonia :$bN. Simrock,$c[1815?]
300 $a5 parts ;$c33 cm.
336 $anotated music$bntm$2rdacontent.
337 $aunmediated$bn$2rdamedia.
338 $avolume$bnc$2rdacarrier.
500 $aTitle from the 1st violin part.
592 $aDr. James and Dr. Margaret Whitby donation.
650 0 $aOperas, Arranged.
650 0 $aString quintets (Violins (2), violas (2), cello), Arranged.